|
|
|
|
| LEADER |
00000nam0a2200000 4500 |
| 001 |
41073 |
| 005 |
20231031013709.0 |
| 035 |
|
|
|a (RuTPU)RU\TPU\book\42141
|
| 090 |
|
|
|a 41073
|
| 100 |
|
|
|a 20020604d1978 km y0rusy50 ca
|
| 101 |
0 |
|
|a rus
|
| 102 |
|
|
|a RU
|
| 105 |
|
|
|a a z 001zy
|
| 200 |
1 |
|
|a Энергетические показатели вентильных преобразователей
|f О. А. Маевский
|
| 210 |
|
|
|a Москва
|c Энергия
|d 1978
|
| 215 |
|
|
|a 320 с.
|c ил.
|
| 320 |
|
|
|a Библиогр.: с. 311-319
|
| 610 |
1 |
|
|a преобразователи полупроводниковые
|
| 610 |
1 |
|
|a энергетические характеристики
|
| 610 |
1 |
|
|a вентильные преобразователи
|
| 675 |
|
|
|a 621.314.5
|v 3
|
| 700 |
|
1 |
|a Маевский
|b О. А.
|g Олег Алексеевич
|
| 801 |
|
1 |
|a RU
|b 63413507
|c 20020604
|g PSBO
|
| 801 |
|
2 |
|a RU
|b 63413507
|c 20150421
|g PSBO
|
| 900 |
|
|
|a Методы и средства энергосбережения на промышленных предприятиях
|
| 942 |
|
|
|c BK
|